LEADER 00985nam0-22003251i-450 001 990001649870403321 005 20190529131317.0 035 $a000164987 035 $aFED01000164987 035 $a(Aleph)000164987FED01 035 $a000164987 100 $a20030910d1979----km-y0itay50------ba 101 0 $aita 200 1 $aResistenza biologicamente indotta contro le malattie da virus$ema premunita$fSergio Pennazio, Pierluigi Redolfi 210 $aTorino$c...$d1979 215 $ap. 31-37$d25 cm 300 $aEstr. da: Informatore fitopatologico, n. 8,1979. 610 0 $aFitopatologia 610 0 $aLotta biologica 676 $a581.2 676 $a632.9 700 1$aPennazio,$bSergio$0353295 702 1$aRedolfi,$bPierluigi 801 0$aIT$bUNINA$gRICA$2UNIMARC 901 $aLG 912 $a990001649870403321 952 $a60 OP. 111/13$fFAGBC 959 $aFAGBC 996 $aResistenza biologicamente indotta contro le malattie da virus$9372579 997 $aUNINA LEADER 01540nam a2200373 i 4500 001 991001172939707536 005 20020507184609.0 008 931013s1988 us ||| | eng 020 $a0387967710 (V.I) 020 $a0387967729 (V.II) 035 $ab10810924-39ule_inst 035 $aLE01308188$9ExL 040 $aDip.to Matematica$beng 082 0 $a515.353 084 $aAMS 35J 084 $aAMS 35K 084 $aQA377.N645 100 1 $aNi, Wei-Ming$057293 245 10$aNonlinear diffusion equations and their equilibrium states, I - II :$bproc. of a Microprogram held August 25 - September 12, 1986 /$ced. by W.-M. Ni, L. A. Peletier, J. Serrin 260 $aNew York :$bSpringer-Verlag,$c1988 300 $a2 v. ;$c24 cm. 490 0 $aMathematical sciences research institute publications ;$v12 490 0 $aMathematical sciences research institute publications ;$v13 650 4$aElliptic equations 650 4$aParabolic equations 700 1 $aPeletier, Lambertus A. 700 1 $aSerrin, James 907 $a.b10810924$b23-02-17$c28-06-02 912 $a991001172939707536 945 $aLE013 35J NIM11 V.I (1988)$cV. 1$g1$i2013000003191$lle013$o-$pE0.00$q-$rl$s- $t0$u0$v0$w0$x0$y.i10916325$z28-06-02 945 $aLE013 35J NIM11 V.II (1988)$cV. 2$g1$i2013000003207$lle013$o-$pE0.00$q-$rl$s- $t0$u1$v0$w1$x0$y.i10916337$z28-06-02 996 $aNonlinear diffusion equations and their equilibrium states, I - II$9924922 997 $aUNISALENTO 998 $ale013$b01-01-93$cm$da $e-$feng$gus $h0$i2